00409nam a2200157Ia 45000010006000000050017000060080041000230410008000640820015000721000035000872450076001222600009001983000028002076500008002356540008002431621020260306170253.0260306t2003||||xx |||||||||||||| ||und|| aESP a347.4bF42 aFernández Origgi, ItaloeAUT 0aRégimen tributario del comercio electrónico:b: perspectiva peruana c2003 a287 páginas :c20 cm. aGEN aCDE